| 000 | 01041nam a2200229 i 4500 | ||
|---|---|---|---|
| 001 | 68579 | ||
| 003 | ES-MaACL | ||
| 005 | 20230906170318.0 | ||
| 007 | t| | ||
| 008 | 960809q1890 sp |||| | spa d | ||
| 100 | 1 |
_aGaspar, Enrique. _955881 |
|
| 245 | 1 | 0 |
_aNada entre dos platos / _cEnrique Gaspar. |
| 260 |
_aValencia : _bPascual Aguilar, _c[ca. 1890] |
||
| 300 |
_a189 p. ; _c16 cm. |
||
| 490 | 1 |
_aBiblioteca selecta ; _v58 |
|
| 505 | 8 | _aContiene: Por el hilo se saca el ovillo ; La policía rusa ; El revés ; La mano ; Una jugada célebre ; Las botas del difunto ; Una teoría de Camilo Flammarión ; Orestes furioso ; Un presentimiento ; Los perros ; El triángulo ; Costumbres españolas ; Mi cuarto a espadas ; Nada si tu amor ; Demasiado almidón ; El verso y la prosa | |
| 530 | _aDisponible en formato digital. | ||
| 830 | 0 |
_aBiblioteca selecta ; _v58 _9182888 |
|
| 852 |
_aES-MaACL _jT-612-F-3 |
||
| 856 |
_uhttp://bdh-rd.bne.es/viewer.vm?id=0000192678&page=1 _zBiblioteca Digital Hispánica |
||
| 999 |
_c68579 _d68579 |
||